000 00249nam a2200109Ia 4500
008 190216s9999||||xx |||||||||||||| ||und||
100 _aGupta .o P
245 0 _aElements Of Commerce
260 _bBpb Publications
_c1974
300 _a439p
942 _cBK
999 _c3833
_d3833